000
00307nam a2200133Ia 4500
100
_a
Giachino/ J.W./ Weeks/ W.
942
_c
BK
654
_a
Welding
245
_a
Welding skills and practics
260
_b
D.B.Taraporevala & Sons
_a
Bombay
_c
1980
082
_a
671.52
300
_a
342
546
_a
ENGLISH
999
_c
22388
_d
22388